Contabilidad: la base para decisiones gerenciales

Gorde:
Xehetasun bibliografikoak
Egile Nagusiak: Meigs, Robert F. (autor), Meigs, Mary A (Egilea), Bettner, Mark (Egilea), Whittington, Ray (Egilea)
Formatua: Liburua
Hizkuntza:gaztelania
Argitaratua: Bogotá Mc Graw Hill 1998
Gaiak:
Etiketak: Etiketa erantsi
Etiketarik gabe, Izan zaitez lehena erregistro honi etiketa jartzen!

MARC

LEADER 00000nam a2200000 a 4500
001 UCP1167
003 CL-VaPUC
008 990401e19980000CK |||||||||||||||||spa|d
082 0 4 |a 657  |b MEI  |2 21 
100 |a Meigs, Robert F.  |e autor  |9 451386 
700 0 |a Meigs, Mary A  |e author  |9 427050 
700 0 |a Bettner, Mark  |e author  |9 427051 
700 0 |a Whittington, Ray  |e author  |9 427052 
245 1 0 |a Contabilidad: la base para decisiones gerenciales 
300 |a 881 p 
942 |c BK 
945 |d 19990401 00:00:00  |a rbrito 
260 |a Bogotá  |b Mc Graw Hill  |c 1998 
650 0 |a Contabilidad   |9 261430 
650 7 |a ESTADOS FINANCIEROS  |2 CL-VaPUC  |9 427053 
650 0 |a Empresas comerciales  |9 334163 
650 0 |a Inventario  |9 402445 
650 0 |a Auditoría  |9 307008 
650 0 |a Depreciación  |9 358644 
650 0 |a Informes financieros  |9 408366 
583 |a last modification  |c 19990401 00:00:00  |k Rodrigo Vera 
999 |c 279877  |d 279875 
952 |0 0  |1 0  |4 0  |6 657_000000000000000_MEI_1998  |7 0  |8 A  |9 319748  |a BIBENE  |b BIBENE  |d 2019-11-20  |i 351031K  |o 657 MEI 1998  |p 351031K  |r 2025-01-15  |w 2019-11-20  |y BK  |k ICO 
952 |0 0  |1 0  |4 0  |6 657_000000000000000_MEI_1998  |7 0  |8 A  |9 319749  |a BIBENE  |b BIBENE  |d 2019-11-20  |i 3556158  |o 657 MEI 1998  |p 3556158  |r 2025-01-15  |w 2019-11-20  |y BK  |k ICO 
952 |0 0  |1 0  |4 0  |6 657_000000000000000_MEI_1998  |7 0  |8 A  |9 319750  |a BIBENE  |b BIBENE  |d 2019-11-20  |i 3558312  |o 657 MEI 1998  |p 3558312  |r 2025-01-15  |w 2019-11-20  |y BK  |k ICO